Auswanderungen Brasilien - Statistiken

Allgemein
  • Dieses Quiz wurde 76 mal gespielt
  • Das Durchschnittsergebnis liegt bei 13 aus 15
Antwortstatistiken
Platz Land Anzahl % Korrekt
4. Portugal 151.000
99%
5. Spanien 128.638
99%
8. Frankreich 110.550
97%
7. Deutschland 113.716
96%
1. Vereinigte Staaten 502.104
96%
12. Argentinien 46.870
95%
13. Kanada 36.830
93%
10. Italien 72.000
88%
14. Australien 37.310
86%
6. Vereinigtes Königreich 120.000
79%
3. Japan 201.865
78%
15. Bolivien 27.581
70%
2. Paraguay 332.042
63%
9. Schweiz 81.000
63%
11. Belgien 48.000
59%
Keine übereinstimmenden Quizze gefunden
Verteilung der Resultate
Anzahl Personen mit jedem Resultat
Perzentil nach korrekt beantworteten Fragen
Ihre Resultats-Entwicklung
Sie haben dieses Quiz noch nicht gespielt